| 000 | 00695nam a22001815i 4500 | ||
|---|---|---|---|
| 001 | 159931 | ||
| 003 | ES-MaACL | ||
| 005 | 20251218063015.0 | ||
| 008 | 950206s1892 fr |||| | fre d | ||
| 040 |
_aCARM _bspa _cCCPB | PA2 |
||
| 100 | 1 |
_aMoltke, Helmuth Karl Bernhard Graf von, _cConde de, _d1800-1891 _9130038 |
|
| 245 | 1 | 0 |
_aMémoires du Maréchal H. de Moltke _b: lettres a sa mère et a ses frères Adolphe et Louis (1823-1888) / _cpar le Maréchal Comte de Moltke. |
| 250 |
_aEd. française _bpar E. Jaeglé. |
||
| 260 |
_aParis : _bLibrairie H. Le Soudier, _c1892. |
||
| 300 |
_a462 p. ; _c21 cm. |
||
| 852 |
_aES-MaACL _jD-4532 _z-- Enc. hol. |
||
| 999 |
_c159931 _d159931 |
||